| 000 | 00681nam a22002537a 4500 | ||
|---|---|---|---|
| 003 | UA-OsUOA | ||
| 001 | 72284 | ||
| 007 | ta | ||
| 008 | 20110104b un ||||| |||| 00| 0 ukr d | ||
| 100 | _aБудук О. І. | ||
| 700 | _aВолкова Н. І. | ||
| 090 |
_a330(075.8) _bБ90 |
||
| 942 | _cBK | ||
| 040 |
_aUA-OsUOA _bukr _cUA-OsUOA _dUA-OsUOA |
||
| 245 |
_aЕкономічна теорія: Тренінг-курс _bНавч. посібн. |
||
| 300 | _a291 с. | ||
| 955 | _a2 | ||
| 041 | _aukr | ||
| 080 | _a330(075.8) | ||
| 020 | _a966-346-267-1 | ||
| 260 |
_aК. _bЗнання _c2007 |
||
| 650 | 7 |
_a330 Економіка взагалі _2UDC |
|
| 999 |
_c354317 _d354317 |
||